| 000 | 00591nam a2200181 i 4500 | ||
|---|---|---|---|
| 001 | 41245 | ||
| 003 | ES-MaACL | ||
| 005 | 20230906160411.0 | ||
| 007 | t| | ||
| 008 | 030310s1966 sp ||||1| spa d | ||
| 100 | 1 |
_aCarvajal y Mendoza, Luisa de. _935949 |
|
| 245 | 1 | 0 |
_aEscritos autobiográficos / _cLuisa Carvajal y Mendoza ; introducción y notas de Camilo Mª Abad. |
| 260 |
_aBarcelona : _bFlors, _c1966. |
||
| 300 |
_aVIII, 346 p., 2 lám. ; _c18 cm. |
||
| 700 | 1 |
_aAbad, Camilo María, _d1878-1969 _9226437 |
|
| 852 |
_aES-MaACL _jC-31737 _bR.62387 |
||
| 999 |
_c41245 _d41245 |
||